000 00628nam a2200241Ia 4500
003 OSt
005 20220918215830.0
006 a|||||r|||| 00| 0
007 ta
008 220917b |||||||| |||| 00| 0 eng d
024 _a142,898
037 _cTextual
040 _aARTS
_cARTS
_beng
041 _2eng
_aeng
082 _aY15, L5
100 _aFreeman J O Ed
_9135410
245 0 _aWomen
_b a feminist perspective
260 _aCaliforina
_bMayfield Publications
_c1975
300 _axx, 487p.
_ccm.
650 _aSOCIOLOGY
942 _hY15, L5
_cTEXL
_2CC
999 _c265856
_d265856